000 00266nam a2200109Ia 4500
008 200302s9999 xx 000 0 und d
100 _aPeter Gossel & Other
245 _aFrank Lloyd Wright
260 _bBenedikt Taschen Verlag Gmbh
260 _c1994
300 _a175 P.,
999 _c920
_d920